[Event "Lisbon Masters"]
[Site "Lisbon"]
[Date "1996.??.??"]
[Round "3"]
[White "Santos, Jose Pereira"]
[Black "Rocha, Sergio MC"]
[Result "0-1"]
[WhiteElo "2355"]
[BlackElo "2370"]
[Annotator "Costa,L"]
[PlyCount "52"]
[EventDate "1996.??.??"]
[EventType "tourn"]
[EventRounds "9"]
[EventCountry "POR"]
[EventCategory "4"]
[SourceTitle "CBM 051 Extra"]
[Source "ChessBase"]
[SourceDate "1996.05.01"]
[SourceVersion "1"]
[SourceVersionDate "1996.05.01"]
[SourceQuality "1"]

1. d4 g6 2. c4 Bg7 3. Nc3 c5 4. d5 Bxc3+ 5. bxc3 f5 6. g4 Qa5 $146 (6... fxg4
7. h3 g3 8. fxg3 Qa5 (8... d6 9. Qa4+ Bd7 10. Qb3 Qa5 11. Bd2 Nf6 12. Bg2 Qa6
13. a4 Bf5 14. Nf3 Nbd7 15. Bh6 O-O-O 16. a5 b6 17. O-O $14 {Gurevich,
Dmitry-Dzindzichashvili,Roman/Berkeley ch-US (01) 1984}) 9. Qd3 d6 10. e4 (10.
g4 Nd7 11. Nf3 Ngf6 12. Bd2 b6 13. e4 Ba6 14. Be2 O-O-O 15. O-O h6 16. a4 g5
$15 {Santos,A.P-Rocha,S/ Lisboa Mestres (08) 1994}) 10... Nf6 11. Bd2 Nbd7 12.
Nf3 Ne5 13. Nxe5 dxe5 14. Bg2 Qc7 15. O-O Qd6 16. Rab1 b6 17. Rb2 h6 18. Be3
Bd7 19. Qc2 g5 $10 {San Segundo,P-Dzindzichashvili,R/New York op (2) 1990}) 7.
Qd3 d6 8. g5 Nd7 9. Nf3 Nb6 10. Nd2 Bd7 11. f3 $6 (11. Bh3) (11. Bg2) 11... h6
12. gxh6 Nxh6 13. Rg1 Nf7 14. f4 Rh6 (14... g5 $5) 15. h3 Qa4 16. Kf2 O-O-O $17
17. e3 e5 18. Qb1 e4 19. Qb3 Qa5 20. Rg3 (20. Rb1 $5) 20... Rg8 21. Be2 Na4 22.
Nb1 Qd8 23. Bd2 g5 24. fxg5 Rxg5 25. Rxg5 Qxg5 26. Bf1 Rg6 0-1

[Event "Vienna op"]
[Site "Vienna"]
[Date "1996.??.??"]
[Round "3"]
[White "Dautov, Rustem"]
[Black "Teske, Henrik"]
[Result "1-0"]
[WhiteElo "2615"]
[BlackElo "2520"]
[Annotator "Dautov,R"]
[PlyCount "45"]
[EventDate "1996.??.??"]
[EventType "swiss"]
[EventRounds "9"]
[EventCountry "AUT"]
[SourceTitle "CBM 053 Extra"]
[Source "ChessBase"]
[SourceDate "1996.09.01"]
[SourceVersion "1"]
[SourceVersionDate "1996.09.01"]
[SourceQuality "1"]

1. d4 e6 2. c4 b6 3. e4 Bb7 4. Bd3 f5 5. exf5 Bb4+ (5... Bxg2 6. Qh5+ g6 7.
fxg6 Bg7 8. gxh7+ Kf8 9. Bg5 Nf6 10. Qh4 Bxh1 11. Ne2 Nc6 12. Nf4 Nb4 13. Bg6
Ke7 14. a3 Na6 15. Nh5 Qf8 16. Nd2 Bb7 17. O-O-O d5 18. Re1 Rd8 19. Nf1 Bh6 20.
Nfg3 Bxg5+ 21. Qxg5 $40 {Lukacs,P-Forintos,Gy/Dubna 1979}) 6. Kf1 Nf6 (6...
exf5 7. c5 $1 bxc5 8. a3 c4 9. Bxc4 Bd6 10. Nc3 Nf6 11. Nf3 Qe7 12. Bg5 Kd8 13.
Nh4 $1 $16 {Seirawan,Y-Schüssler,H, Malmö 1979}) 7. c5 bxc5 8. a3 c4 9. Bxc4
Ba5 10. fxe6 (10. Nf3 $5 O-O 11. Nc3 d5 12. Bd3 $16) 10... dxe6 (10... Bb6 $6
11. exd7+ Qxd7 12. Nf3 Nc6 13. Qe2+ Kf8 14. Be3 Nxd4 15. Nxd4 Bxd4 16. Bxd4
Qxd4 17. Nc3 Re8 18. Qd3 Qe5 19. Rd1 g6 20. Qd4 $16 {Arlandi-Sulava /Asti 1995}
) 11. Qa4+ $1 {N} (11. Bxe6 Qe7 $1 12. d5 $6 Nxd5 $1 13. Bxd5 Bxd5 $17 14. Ne2
Qf7 15. Nbc3 Bb3 16. Qd3 O-O 17. Be3 Nc6 18. Qb5 Rae8 $19 {Sideif Sade,
F-Lempert,I/Nabereznye Chelny 1993}) 11... Nc6 12. Nf3 (12. Bb5 Qd5 13. Qxa5
O-O 14. Nc3 Nxa5 15. Nxd5 Bxd5 $36) 12... Qd6 $2 (12... O-O 13. Nc3 (13. Bxe6+
$6 Kh8 $44) (13. Ng5 Kh8 14. Nxe6 Qe7 15. Nc3 Ng4 $44) 13... Kh8 $1 (13... Nd5
14. Bg5 $16) (13... Bb6 14. Bxe6+ Kh8 15. d5 $16) 14. Bb5 (14. Bg5 Bb6 $13)
14... Bxc3 15. bxc3 (15. Bxc6 Bxc6 16. Qxc6 Bxd4 17. Ke2 $1 e5 $1 (17... Bb6
18. Rd1 $14) 18. Rd1 Qe8 $132) 15... Qd5 $44) 13. Nc3 O-O-O $2 14. Nb5 Qd7 15.
Nxa7+ Nxa7 16. Qxa5 Nc6 (16... Bxf3 17. gxf3 $18) 17. Qa4 Rhf8 18. Bg5 h6 19.
Re1 e5 (19... Rde8 $142) 20. d5 Nxd5 $2 (20... hxg5 21. dxc6 Qxc6 22. Qxc6 Bxc6
23. Nxe5 Bb7 24. Ng6 Rfe8 25. Rxe8 Nxe8 (25... Rxe8 26. f3 $18) 26. Ke2 $18) (
20... Nd4 21. Qxd7+ Rxd7 22. Nxd4 exd4 23. Bxf6 gxf6 24. Ke2 Bxd5 25. Bxd5 Rxd5
26. Kd3 $16) 21. Bxd8 Rxf3 22. Bxd5 Qxd5 23. Qg4+ 1-0

[Event "Dortmund op-A"]
[Site "Dortmund"]
[Date "1992.??.??"]
[Round "2"]
[White "Dautov, Rustem"]
[Black "Vokac, Marek"]
[Result "1-0"]
[WhiteElo "2610"]
[BlackElo "2450"]
[Annotator "Dautov,R"]
[PlyCount "93"]
[EventDate "1992.04.??"]
[EventType "swiss"]
[EventRounds "11"]
[EventCountry "GER"]
[SourceTitle "CBM 029"]
[Source "ChessBase"]
[SourceDate "1992.08.01"]
[SourceVersion "1"]
[SourceVersionDate "1992.08.01"]
[SourceQuality "1"]

1. d4 g6 2. c4 Bg7 3. Nc3 c5 4. d5 Bxc3+ $1 (4... f5 5. e4 Bxc3+ 6. bxc3 fxe4
7. h4 Nf6 8. h5 gxh5 $2 (8... Rg8 $142 $13) 9. Bg5 Qa5 10. Bxf6 exf6 11. Qxh5+
Kd8 12. Ne2 d6 13. Qf7 $40 {Farago,I-Davies,N Balatonbereny 1985,Inf.40/69}) 5.
bxc3 f5 6. h4 $6 (6. f3) (6. d6 {! Piket} Qa5 7. Nf3 Nc6 $13) (6. f3 $142 Qa5
7. Bd2 (7. Qc2 $5 Nf6 8. Rb1 d6 9. Bh6 Nbd7 10. e4 fxe4 11. fxe4 Ne5 12. Nf3
Nfg4 $13) 7... Nf6 8. Qc2 d6 9. e4 fxe4 10. fxe4 Nbd7 11. Nf3 Ng4 12. Be2 Nde5
(12... Nge5 $5 13. Ng5 {Piket} (13. O-O $5) 13... Nb6 $132) 13. O-O Bd7 14. h3
Nxf3+ 15. gxf3 Nf6 16. Kh2 O-O-O 17. f4 $36 {[+] Piket,J-Dzindzichashvili,R
Luzern 1989,Inf.48/65}) 6... Nf6 7. h5 Rg8 $1 8. hxg6 hxg6 9. Nf3 d6 (9... Qa5
10. Bd2 d6 11. Ng5 Nbd7 12. Qb1 Nb6 13. e3 Bd7 14. Bd3 {1/2:1/2 Finegold,
B-Vokac,M Praque Bohemians-A 1990}) 10. Ng5 Qa5 11. Qb3 (11. Qc2 Nbd7 12. f3 $6
Ne5 13. e4 fxe4 14. fxe4 Bd7 15. Bf4 O-O-O 16. Bxe5 dxe5 17. Nf7 Rdf8 18. Nxe5
Ba4 $17) 11... Nbd7 12. Bf4 Rb8 $2 {/\b5} (12... Nb6 $142 13. e3 Bd7 14. Bd3
O-O-O $22 15. f3 Rh8 16. Kf2 Qa6 $1 {/\Nd5,Ba4-/+}) 13. e3 b5 (13... a6 $5 14.
a4 b5 (14... Nb6 15. Bd3 Bd7 16. Bc2 Na8 17. e4 $16) 15. cxb5 Bb7 16. e4 fxe4
17. Bd2 Nxd5 18. Nxe4 $16) 14. cxb5 Bb7 15. e4 $1 $8 (15. O-O-O $2 a6 16. a4 (
16. c4 axb5 17. cxb5 c4 $1 $40) 16... c4 17. Bxc4 Rc8 $40) (15. Rd1 $2 Nb6 16.
e4 fxe4 17. Bd2 c4 $1 $17) 15... fxe4 16. Bd2 {/\c4+/-} c4 $1 17. Bxc4 Nc5 18.
Qc2 (18. Qb4 $5 Qxb4 19. cxb4 Bxd5 20. Bxd5 Nd3+ 21. Ke2 Nxd5 22. Nxe4 N3f4+
23. Kf3 Nd3 $14) 18... Rc8 (18... Qc7 $5) 19. O-O Ncd7 20. Bb3 Qxb5 21. c4 $16
Qa6 22. Bc3 {/\Ne4+-} Rxc4 $8 23. Bxc4 Qxc4 24. Qb2 $6 (24. Rab1 $1 Qxd5 (24...
Bxd5 $142 25. Rfc1 Nc5 26. Rb4 $18) 25. Bxf6 Nxf6 (25... exf6 26. Nxe4 $18) 26.
Rxb7 $1 Qxb7 27. Rb1 Qa8 28. Qc7 Nd7 29. Rb7 Qd8 30. Qc6 $18) 24... Qxd5 25.
Rfd1 Qxg5 26. Qxb7 e3 (26... Kf7 27. Bxf6 Nxf6 28. Rxd6 Qh4 29. Qb3+ Kg7 30.
Re6 $18) (26... Qh4 27. Qc8+ (27. Bxf6 Nxf6 28. Rac1 Ng4 29. Rc8+ Kf7 30. Qd5+
Kf6 31. Qd4+ Kf7 $13) 27... Kf7 28. Qc4+ Kf8 (28... d5 29. Rxd5 $1 $18) 29.
Bxf6 Nxf6 30. Rab1 $40) 27. Qxa7 $138 e2 $2 (27... exf2+ 28. Qxf2 Ng4 29. Qg3
$16) (27... Nc5 28. Qa8+ Kf7 29. Qf3 $16) 28. Rd3 $18 Kf7 29. Re1 Rh8 30. Re3
Qf4 31. Rg3 $8 Rh5 32. Qe3 Qxe3 33. Rxe3 e5 34. R3xe2 Ke6 35. a4 Nd5 36. Rc2
Nc5 37. a5 Nd3 38. Ra1 N3f4 39. Be1 Rh7 40. a6 Ra7 41. Ra3 Kd7 42. f3 Ne6 43.
Bf2 Ra8 44. a7 Ndc7 45. Rb2 Nd8 46. Rb8 Nc6 47. Rab3 1-0

[Event "Lippstadt 10th"]
[Site "Lippstadt"]
[Date "2000.07.08"]
[Round "3"]
[White "Dautov, Rustem"]
[Black "Speelman, Jonathan S"]
[Result "1/2-1/2"]
[WhiteElo "2606"]
[BlackElo "2623"]
[Annotator "Dautov,R"]
[PlyCount "100"]
[EventDate "2000.07.06"]
[EventType "tourn"]
[EventRounds "11"]
[EventCountry "GER"]
[EventCategory "10"]
[SourceTitle "CBM 078"]
[Source "ChessBase"]
[SourceDate "2000.10.18"]
[SourceVersion "1"]
[SourceVersionDate "2000.10.18"]
[SourceQuality "1"]

1. d4 e6 2. c4 b6 3. e4 Bb7 4. Bd3 Bb4+ 5. Bd2 Nc6 6. Nf3 (6. Ne2 Qf6 7. e5
Bxd2+ 8. Qxd2 Qh6 9. Qxh6 Nxh6 10. Be4 O-O-O 11. Nbc3 d6 12. exd6 cxd6 13. O-O
Ne7 14. Rac1 Bxe4 15. Nxe4 Kb7 $11 {Ippolito,D-Speelman,J/Internet ICC blitz
2000}) 6... Qf6 $6 {Die neueste Erfindung von Johnathan, der die
Eröffnungsphase häufig originell gestaltet. Schwarz provoziert die Bewegung
der weißen Zentrumsbauern um sie besser angreifen zu können. Diese Idee
erscheint jedoch verdächtig, da Weiß seinen Zentrumsvorteil mühelos halten
oder sogar ausbauen kann.} 7. d5 $1 (7. e5 Bxd2+ 8. Qxd2 Qh6 9. Nc3 Qxd2+ 10.
Kxd2 f6 11. exf6 Nxf6 12. Rae1 O-O 13. h3 a6 14. Re3 Nh5 15. Rhe1 Nf4 16. Bf1
Ne7 $132 {Olafsson,H-Speelman,J/Internet ICC blitz 2000}) 7... Bxd2+ (7... Qxb2
$4 8. dxc6 Bxc6 9. Bxb4 Qxa1 10. Bc3 $18) 8. Qxd2 Nce7 ({Ich habe haupsächlich
mit} 8... Ne5 9. Nxe5 Qxe5 {gerechnet. Nach} 10. Nc3 {/\f4,Nb5} a6 (10... c6 $2
11. f4 Qc7 12. e5 $1 $16 {/\Ne4-d6}) 11. Qe3 $14 {/\f4 mit der Idee f4 findet
die schwarze Dame keine Ruhe.}) 9. Nc3 {/\Nb5} a6 10. O-O Qh6 (10... d6 11. Bc2
$16 {/\Ba4}) 11. Qc2 Nf6 {Schwarz hat keine Wahl. Um seine Entwicklung zu
beenden und kurz zu rochieren ( die lange Rochade wäre angesicht des schnellen
b4+c5 reiner Selbstmord) muß er einen Bauernopfer in Kauf nehmen, wonach er
aber auf eine gewisse Kompensation hoffen kann.} (11... d6 $2 12. Qa4+ $16) (
11... Ng6 12. e5 N8e7 13. Be4 $16) 12. e5 ({Eine gute, wenn nicht bessere
Alternative zum Bauerngewinn bestand in} 12. a4 $1 O-O (12... a5 $2 13. Nb5 Rc8
14. d6 $18) 13. a5 $16 {mit einer deutlichen Schwächung der schwazen
Damenflügelstruktur.}) 12... Nh5 13. Be4 O-O (13... exd5 14. cxd5 (14. Nxd5
Nxd5 15. cxd5 $16) 14... O-O 15. d6 Bxe4 16. Nxe4 cxd6 17. Nxd6 $16) 14. dxe6
Bxe4 15. exf7+ Rxf7 16. Qxe4 Raf8 17. Nd4 {Gespielt mit der Absicht, das
wichtige Feld f4 mittels g3 oder Nde2 unter Kontrolle zu nehmen und eventuell
selbst f2-f4 zu spielen.} ({In Frage kam} 17. Rad1 $5 Ng6 $1 {ist am besten.} (
17... Rxf3 $2 18. gxf3 Nf4 19. Kh1 Rf5 {Die Drohung Rh5 scheint sehr
gefährlich, aber...} 20. Ne2 $1 Nxe2 21. Rxd7 $1 {, und Weiß greift den
gegnerischen König als erster an.} Rh5 22. Rd8+ Kf7 23. e6+ Qxe6 24. Rf8+ $18)
(17... Rf4 18. Qe3 Qg6 (18... Nf5 19. Qd2 $16) 19. Kh1 Nf5 20. Qd3 Rg4 21. Nd5
$1 Kh8 (21... Rxg2 $2 22. Nh4 $1 $18) 22. Rg1 $16) 18. Nd5 (18. Nd4 $6 c5 19.
Nde2 Re8 {><e5}) 18... Nhf4 19. Nd4 $14 {Hat Schwarz genug Kompensation für
den Bauern?}) 17... Qd2 $1 {Schwarz gewinnt erst den Bauern zurück...} (17...
Rf4 $2 18. Qe3 c5 19. Nde2 Rxc4 20. Qxh6 gxh6 21. Rad1 $16) 18. Nde2 Nf4 $1 {
und opfert ihn erneut!} (18... Qxb2 19. Rad1 Ng6 20. g3 Qb4 21. f4 $14 {
gefiel Speelman weniger, da seine Springer sehr eingeengt sind.}) 19. Rad1 Qxb2
20. Rxd7 Nxe2+ 21. Qxe2 Qxc3 22. e6 Rf5 23. Rxe7 Qf6 24. Rxc7 Re5 25. Qb2 $6
$138 ({Weiß sollte die Damen auf dem Brett behalten:} 25. Qd3 Qxe6 (25... Rxe6
26. c5 $16) 26. Qg3 Qf6 $14) 25... Rxe6 26. Qxf6 Rfxf6 {Das Endspiel ist
remislich, da die weißen Bauern a2 und c4 zu schwach sind.} 27. Ra7 a5 28. h3 (
28. f3 $142 $1 $14 {/\Rd1}) 28... h6 29. Rd1 Rd6 30. Rd7 Rxd7 31. Rxd7 Rf4 32.
Rc7 Rd4 33. c5 bxc5 34. Rxc5 Rd1+ $1 (34... Ra4 $2 35. Rc2 $16) (34... a4 35.
Rc2 $16) 35. Kh2 Rd2 36. Rxa5 Rxf2 $11 37. Kg3 Rc2 38. Ra3 Kh7 39. Kf3 Kg6 40.
g3 Kh5 41. Ra5+ Kg6 42. h4 Rc3+ 43. Kf4 Rc4+ 44. Ke5 Rg4 45. Ra3 Kh5 46. Rd3
Ra4 47. a3 g5 48. hxg5 hxg5 $1 (48... Kxg5 49. Kd5 h5 50. Kc6 Ra8 51. Kb5 Rb8+
52. Kc4 Ra8 53. Kb3 Rb8+ 54. Ka2 Ra8 55. Rd4 $16) 49. Kd5 Kg4 50. Kc6 Ra8 (
50... Ra8 51. Kb5 Rb8+ 52. Kc4 Ra8 53. Kb3 Rb8+ 54. Ka2 Ra8 $11) 1/2-1/2

[Event "Rubinstein Memorial"]
[Site "Polanica Zdroj"]
[Date "1992.??.??"]
[Round "7"]
[White "Flear, Glenn C"]
[Black "Dorfman, Josif D"]
[Result "0-1"]
[WhiteElo "2505"]
[BlackElo "2610"]
[Annotator "Dorfman,J"]
[PlyCount "84"]
[EventDate "1992.08.??"]
[EventType "tourn"]
[EventRounds "11"]
[EventCountry "POL"]
[EventCategory "12"]
[SourceTitle "CBM 031"]
[Source "ChessBase"]
[SourceDate "1992.12.01"]
[SourceVersion "1"]
[SourceVersionDate "1992.12.01"]
[SourceQuality "1"]

1. d4 e6 2. c4 Bb4+ 3. Nc3 (3. Bd2) (3. Nd2) 3... c5 4. d5 (4. e3) (4. dxc5
Bxc3+ 5. bxc3 Qa5 $15) 4... Bxc3+ 5. bxc3 Qa5 6. e4 $1 Nf6 (6... Qxc3+ 7. Bd2
Qe5 8. Bd3 {/\ Nf3}) 7. Bd2 $1 d6 (7... Nxe4 8. Qg4 Nxd2 9. Qxg7 Rf8 10. Kxd2 {
/\ Nf3-g5-h7}) 8. Bd3 O-O 9. Ne2 (9. Nf3 exd5 10. cxd5 c4 $17) 9... Re8 10. Qc2
$2 (10. Bg5 $1 exd5 (10... Ng4) (10... Nbd7 11. O-O exd5 12. exd5 Ng4) 11. Bxf6
dxe4 12. Bc2 gxf6 13. Qxd6) 10... exd5 11. exd5 Nbd7 12. f4 (12. O-O $142)
12... Nb6 13. Kf2 (13. O-O Nbxd5 14. cxd5 c4 $17) 13... Nbxd5 $1 14. cxd5 c4
15. Bxh7+ (15. Bf5 Qxd5 (15... Bxf5 16. Qxf5 Ne4+ 17. Ke1 Qb6 18. Rf1 Nxd2) 16.
Nd4 (16. Bxc8 Rxe2+ $1 17. Kxe2 Qxg2+ 18. Ke3 Rxc8 $19) 16... Bxf5 17. Qxf5
Re2+ $3 18. Kxe2 Qxg2+ 19. Kd1 Qxh1+ 20. Be1 Re8 $17) 15... Nxh7 16. Be3 Nf6
17. Bd4 Ne4+ 18. Kg1 Bf5 19. Qb2 Qxd5 $17 20. h3 Re6 21. Kh2 Rae8 22. Rad1 Qa5
$1 23. Rhf1 b6 24. Ng1 Nc5 25. Bxc5 Qxc5 26. Nf3 Bd3 $6 (26... Re2 $1 27. Rd2
Bd3 $19) 27. Nd4 (27. Rfe1 Be2) 27... Bxf1 28. Nxe6 Rxe6 29. Rxf1 Qd5 $19 30.
Rf2 Re3 31. Qa3 a5 32. Qa4 Rxc3 33. Qe8+ Kh7 34. Qd8 f6 35. Qxb6 Rd3 36. Qc7 c3
37. Qc8 Rd2 38. Qg4 Rxf2 39. Qh4+ Kg8 40. Qxf2 Qe4 41. Kg3 c2 42. Qd2 d5 0-1

[Event "Tata Steel-B 75th"]
[Site "Wijk aan Zee"]
[Date "2013.01.25"]
[Round "11"]
[White "Ipatov, Alexander"]
[Black "Edouard, Romain"]
[Result "0-1"]
[WhiteElo "2587"]
[BlackElo "2686"]
[Annotator "Edouard,R"]
[PlyCount "124"]
[EventDate "2013.01.12"]
[EventType "tourn"]
[EventRounds "13"]
[EventCountry "NED"]
[EventCategory "15"]
[SourceTitle "CBM 153"]
[Source "ChessBase"]
[SourceDate "2013.03.14"]
[SourceVersion "1"]
[SourceVersionDate "2013.03.14"]
[SourceQuality "1"]

1. d4 e6 2. c4 Bb4+ 3. Nd2 c5 $5 4. a3 Bxd2+ 5. Qxd2 cxd4 6. Qxd4 (6. Nf3 {
is the other move.}) 6... Nf6 7. Nf3 Nc6 8. Qh4 d5 9. cxd5 Qxd5 10. Bg5 Ne4 11.
Rd1 Qf5 12. e3 (12. Be3 e5 {would be unclear.}) 12... Nxg5 13. Nxg5 (13. Qxg5
Qxg5 14. Nxg5 Ke7 $11) 13... Qa5+ 14. Rd2 h6 15. Ne4 O-O 16. Be2 e5 17. Bc4 $6
({It seems like after the simplest idea} 17. O-O Be6 18. Rdd1 Rfd8 19. Rc1 {
White would be slightly better.}) 17... Bf5 18. Nd6 $2 {The aggressive option,
but it simply does not work.} (18. Nc3 Rad8 19. Rxd8 Qxd8 20. Qxd8 Rxd8 {
is a draw.}) 18... Rad8 19. b4 Qxa3 20. O-O (20. Nxf5 $4 Qc1+ $19) 20... Bg6 (
20... Be6 21. Bxe6 fxe6 22. Rb1 $1 {is unclear.} ({And not} 22. Qg4 $2 Qxb4 23.
Qxe6+ Kh7 {followed by ...Rf6-+.})) 21. Rfd1 {All the following moves are
forced!} Kh7 (21... Qxb4 $4 22. Nxf7 $1 $18) 22. b5 Nd4 (22... Na5 23. Be2 {
would give White very big compensations.}) 23. exd4 (23. Ne4 Nf5 24. Qxd8 Rxd8
25. Rxd8 Qa4 $5 26. Rc1 Nxe3 $19) (23. Nxf7 Bxf7 $1 (23... Nf3+ 24. gxf3 Rxd2
25. Rxd2 Qc1+ 26. Kg2 Qxd2 {is also better for Black but after} 27. Qe7 {
White has some chances.}) 24. Bd3+ (24. Bxf7 $2 Ne2+ $19) 24... Kh8 25. Qe4 Bg8
26. exd4 Rxd4 $19) 23... Qxd6 24. dxe5 Qxd2 25. Rxd2 Rxd2 26. h3 Rfd8 27. Qe7
R8d7 28. Qf8 {A good practical try. White needs to get the black rook away
from the d2-square, otherwise Black is just winning.} (28. Qa3 Rc7 $17) 28...
Rd8 (28... Rc7 $1 {would win, but after} 29. e6 {I simply missed that I can
play} f6 {and Black wins:} 30. Bb3 $8 Rc1+ 31. Kh2 Rb1 {(now I'm just chasing
the white bishop)} 32. Bc4 Rc2 33. Bd5 Rxb5 34. Bf3 Re5 35. e7 Rc7 $19) 29. Qe7
R2d7 30. Qa3 Rc7 31. Be2 $1 {Now White is able to play Bf3 and I think I am
not better anymore. But this is the result of missing move 29...f6 after 28...
Rc7.} Rd2 {I thought I had more chances to "trick" my opponent (who was in
time trouble) after this move.} (31... b6 32. f4 {is, I think, OK for White.})
32. Bf3 b6 33. Bc6 Rd8 34. f4 Bd3 35. Qc3 (35. Qc1 $1 Kg8 36. Qe3 {is OK for
White.}) 35... Kg8 36. Qd2 $6 ({It was the last moment to play} 36. Qe1 $1 {
(/\Qe3) with the idea of} a6 37. e6 $1 $132) 36... a6 37. f5 Rcc8 38. e6 Bxb5 (
38... fxe6 $6 39. Qe1 $1 $11 (39. fxe6 $2 Bxb5 $19)) 39. exf7+ Kh7 40. Bxb5 (
40. f8=N+ Rxf8 41. Bxb5 axb5 42. Qd3 Rf6 43. Qxb5 {is a small improvement over
the game, since I'd have had a b-pawn and not a-pawn.}) (40. Bd5 Bc6 (40... Bc4
41. f8=N+ Rxf8 42. Bxc4 Rxc4 43. f6 $1 {should be a draw:} b5 44. Qd3+ Kg8 45.
Qd5+ Rf7 46. Qa8+ Kh7 47. Qxa6 Rxf6 48. Qxb5 $11) 41. Bxc6 Rxd2 42. Be8 {
is back into the game.}) 40... Rxd2 41. Be8 Re2 42. f8=Q Rexe8 43. Qf7 Rf8 44.
Qg6+ Kh8 45. Qxb6 Rf6 (45... Rxf5 46. Qxa6 {is the theoretical draw.}) 46. Qa5
Rb8 47. Qe5 Rb5 48. Qe8+ Kh7 49. g4 $6 (49. Qe4 {was necessary, so as not to
weaken the white king:} a5 50. Qc2 $5 Rbb6 (50... Rb4 51. Qc5 Rb1+ 52. Kh2 a4
53. Qa3 $11) 51. Qa4 Ra6 52. Kh2 {and I simply don't see exactly how to
improve my position since any move from the rook on f6 will lead to some queen
move on e4 or c2. This may simply be a draw. Of course the main point is that
the f5-pawn is untouchable due to Qe4.}) 49... Rfb6 50. Kg2 (50. Qe4 {does not
help White since after} Rb4 {the White queen cannot stay on the b1-h7 diagonal.
This is the main problem of having played g4. Now my opponent did his best: to
hide his king on h4. But Black has extra possibilities compared to the line
after 49.Qe4.}) 50... a5 51. Kg3 Rb4 (51... a4 $2 52. f6 $1 Rb3+ 53. Kg2 {
is a draw.}) 52. Kh4 a4 53. Qa8 $2 {This move is not flexible enough.} (53. Qe7
$8 Rc4 (53... a3 54. f6 Rb7 55. Qf8 $1 {is a draw!} (55. Qe5 $2 g6 $19)) 54.
Kh5 {and it is not so easy, for Black, to improve the position. This may be a
draw.}) 53... Rd6 {Now the white queen has no decent square any more and White
is lost.} 54. Qf3 (54. Qa5 $2 Rb3 $19) (54. Qe8 Ra6 {[%cal Gb4b6,Gb6f6] will
be similar to the game.}) 54... Rf6 55. Qa3 Rd4 56. Qa1 $6 (56. Qe3 Rdd6 {
followed by ...Ra6 and Black will be winning in the long-term, though
computers always find crazy defensive moves and would make a draw against any
human there...}) 56... Rf4 $1 {[%csl Rf5]} 57. Qb1 (57. Kg3 Rb4 $19) (57. Kh5
Rb6 $19) 57... a3 $1 58. Qb3 (58. Kg3 Ra4 $19) 58... R6xf5 59. Qxa3 Rf3 60. Qe7
$8 Re5 $5 {The simplest, though according to Houdini Black has many ways to
eventually mate.} 61. Qd7 (61. Qb7 Ree3 62. Qb1+ Rd3 $44) 61... Ree3 62. g5
Rf4+ (62... Rf4+ 63. Kh5 Rxh3+ 64. Qxh3 g6#) 0-1

[Event "Interzonal-14c"]
[Site "Zagreb"]
[Date "1987.??.??"]
[Round "14"]
[White "Barlov, Dragan"]
[Black "Eingorn, Vereslav S"]
[Result "1-0"]
[WhiteElo "2555"]
[BlackElo "2575"]
[Annotator "Ftacnik,L"]
[PlyCount "161"]
[EventDate "1987.08.01"]
[EventType "tourn"]
[EventRounds "17"]
[EventCountry "YUG"]
[EventCategory "12"]
[SourceTitle "CBM 004"]
[Source "ChessBase"]
[SourceDate "1988.06.01"]
[SourceVersion "1"]
[SourceVersionDate "1988.06.01"]
[SourceQuality "1"]

1. d4 e6 2. c4 Bb4+ 3. Bd2 a5 4. Nf3 Nc6 $5 5. Qc2 (5. d5 Nce7 6. e4 exd5 7.
cxd5 Nf6 8. Bd3 O-O 9. O-O Bxd2 10. Qxd2 d6 $14) 5... Nf6 6. g3 $5 (6. e4 d5 7.
cxd5 exd5 8. e5 Ne4 $13) 6... d6 7. Bg2 e5 8. d5 Bxd2+ 9. Nbxd2 Nb8 10. O-O $5
(10. e4) 10... Bg4 11. e4 Bxf3 12. Bxf3 Nbd7 13. Rfd1 O-O 14. Nf1 Nc5 15. Ne3
g6 16. Bg2 Qe7 17. b3 Rfb8 (17... c6 $10) 18. Rab1 h5 $6 19. a3 $14 Ra7 (19...
a4 20. b4 Nb3 21. Qc3 Nd4 22. Rd2 $14) 20. b4 Ncd7 21. Rdc1 (21. Rbc1) 21...
axb4 22. axb4 c5 23. dxc6 bxc6 24. Qd2 c5 25. b5 Nb6 26. Ra1 $16 Rba8 27. Rxa7
Rxa7 28. Rd1 Rd7 (28... Ne8 29. Nd5) 29. Ra1 Rb7 30. Ra6 Qd8 31. Bf3 Kf8 32.
Bg2 Qb8 33. h4 Ne8 34. Qa2 Nc7 35. Ra3 Qd8 (35... Ne6 36. Nd5) 36. Bh3 Rb8 37.
Qd2 Ra8 38. Rd3 Ne8 39. Qc3 Qf6 (39... Ra4 $2 40. Qxe5) 40. Kg2 Ra2 41. Rd2
Rxd2 $5 (41... Ra4 42. Nd5 Nxd5 43. Rxd5 Qe7 44. Rd1 Qa7 $16) 42. Qxd2 Qd8 43.
Qa5 Nf6 44. f3 Qb8 45. Kf1 Kg7 46. Ke2 Ne8 47. Kd3 Nc7 48. f4 $1 exf4 49. gxf4
Kh7 50. Qa1 Qh8 $2 (50... Nxc4 51. Nxc4 Qxb5 52. Qb2 $16) 51. Qxh8+ $18 Kxh8
52. e5 dxe5 53. fxe5 Kg7 54. Nd5 $1 Ncxd5 (54... Nbxd5 55. cxd5 Nxb5 56. Kc4
Nd4 57. Kxc5 Nf3 58. Kd6 Kf8 (58... Nxh4 59. e6) 59. e6 fxe6 60. dxe6 Nd4 61.
e7+ Kf7 62. Bd7) 55. cxd5 Kf8 (55... Nxd5 56. Kc4 Nb6+ 57. Kxc5 Na4+ 58. Kc6)
56. d6 Ke8 57. Ke4 Kd8 58. e6 fxe6 59. Bxe6 Ke8 60. Ke5 Kd8 61. Bf7 c4 (61...
Kd7 62. Bxg6 Nc4+ 63. Kd5 Nxd6 64. b6 c4 65. Bxh5 c3 66. Bg4+ $1 Ke7 67. Bd1)
62. Bxg6 c3 63. Kd4 Kd7 64. Kxc3 Nd5+ 65. Kb3 Nf6 66. Kb4 Kxd6 67. Ka5 Kc7 68.
b6+ Kd6 69. b7 Kc7 70. Ka6 Kb8 71. Bf7 Ne4 72. Bxh5 Nc5+ 73. Kb6 Nxb7 74. Bg4
$1 Nd8 75. h5 Nf7 76. Be6 Ng5 77. h6 Nh7 78. Kc6 Nf6 79. Kb6 Ka8 80. Ka6 Kb8
81. Kb6 1-0